vampire diaries episodes - Statistics

General Stats
  • This quiz has been taken 216 times
    197 since last reset
  • The average score is 35 of 171
Answer Stats
Hint Answer % Correct
1 pilot
81%
1 friday night bites
50%
1 162 candles
49%
2 Klaus
47%
2 Rose
44%
1 the night of the comet
44%
2 Katerina
42%
8 I Was Feeling Epic
41%
1 founder's day
40%
1 haunted
40%
1 lost girls
40%
1 isobel
37%
3 The Birthday
37%
2 as I lay dying
36%
1 miss mystic falls
36%
1 you're undead to me
36%
1 history repeating
35%
2 the return
35%
1 bloodlines
34%
2 the sun also rises
34%
3 The Hybrid
32%
4 The Originals
32%
1 blood brothers
31%
1 fool me once
31%
2 the last dance
31%
8 Hello Brother
30%
Homecoming
30%
2 masquerade
30%
2 the last day
30%
1 unpleasantville
30%
1912
29%
All My Children
29%
4 The Five
29%
The Reckoning
29%
2 bad moon rising
28%
1 children of the damned
28%
1 the turning point
28%
2 brave new world
27%
Ghost World
27%
2 plan b
27%
2 the dinner party
27%
2 by the light of the moon
26%
4 Graduation
26%
4 Growing Pains
26%
2 kill or be killed
26%
1 let the right one in
26%
4 My Brother's Keeper
26%
2 the sacrifice
26%
4 Memorial
25%
Ordinary People
25%
3 The end of the affair
25%
The New Deal
25%
4 The Rager
25%
2 crying wolf
24%
2 memory lane
24%
Our Town
24%
3 The departed
24%
2 the descent
24%
2 the house guest
24%
5 500 Years of Solitude
23%
2 daddy issues
23%
dangerous Liaisons
23%
Heart of darkness
23%
5 I Know What You Did Last Summer
23%
4 Pictures of You
23%
Smells Like Teen Spirit
23%
4 The Killer
23%
1 there goes the neighborhood
23%
4 Into the Wild
22%
1 under control
22%
8 We're Planning a June Wedding
22%
Before sunset
21%
4 Down the Rabbit Hole
21%
4 Stand By Me
21%
The Ties that Bind
21%
6 Yellow Ledbetter
21%
do not go gentle
20%
2 know thy enemy
20%
5 Monster's Ball
20%
5 Original Sin
20%
4 We All go A Little Mad Sometimes
20%
4 After School Special
19%
4 American Gothic
19%
Break On Through
19%
Bringing out the dead
19%
4 Bring it On
19%
4 Catch Me If You Can
19%
5 Gone Girl
19%
4 She's Come Undone
19%
6 Stay
19%
5 The Cell
19%
4 The Walking Dead
19%
5 True Lies
19%
5 Fifty Shades of Grayson
18%
6 I'll Remember
18%
5 Man on Fire
18%
The murder of one
18%
4 Because the Night
17%
5 For Whom the Bell Tolls
17%
5 Resident Evil
17%
4 We'll Always Have Bourbon street
17%
6 Black Hole Sun
16%
6 Christmas Through Your Eyes
16%
6 I Alone
16%
5 No Exit
16%
4 O come, All Ye Faithful
16%
5 Promised Land
16%
5 Rescue Me
16%
5 The Devil Inside
15%
6 The World has Turned and Left Me Here
15%
6 Welcome to Paradise
15%
4 A View To A Kill
14%
5 Dead Man on Campus
14%
5 Death and the Maiden
14%
6 Do You Remember the First Time?
14%
5 Handle With Care
14%
6 I'll Wed You in the Golden Summertime
14%
6 Let Her Go
14%
7 Never Let Me Go
14%
6 Prayer For the Dying
14%
6 The More You Ignore me,the Closer I Get
14%
5 Total Eclipse of the Heart
14%
8 We Have History Together
14%
5 What Lies Beneath
14%
5 While You Were Sleeping
14%
6 Fade into You
13%
6 I'd Leave My Happy Home for You
13%
6 I'm thinking of You All the While
13%
7 Mommie Dearest
13%
8 Today Will Be Different
13%
8 What Are You
13%
8 It's Been a Hell of a Ride
12%
6 Woke Up With A Monster
12%
6 The Day I Tried to Live
11%
6 The Downward Spiral
11%
6 a Bird in a Gilded Cage
10%
7 Age of Innocence
10%
8 An Eternity of Misery
10%
7 Day One of Twenty-Two Thousand, Give or Take
10%
8 You Made a Choice to Be Good
10%
7 Best Served Cold
9%
8 Coming Home Was a Mistake
9%
Disturbing Behaviour
9%
7 Gods and Monsters
9%
7 Hold me, Thrill Me, Kiss Me, Kill Me
9%
7 Moonlight on the Bayou
9%
8 The Simple Intimacy of the Near Touch
9%
7 Things We Lost in the Fire
9%
7 Postcards from the Edge
8%
7 Somebody That I Used to Know
8%
8 The Lies Will Catch up to You
8%
7 I Carry Your Heart with Me
7%
6 I Never Could Love Like That
7%
7 Kill 'Em All
7%
7 This Woman's Work
7%
7 Cold as Ice
6%
7 Hell Is Other People
6%
7 I Would for You
6%
7 Live Through This
6%
7 Requiem for a Dream
6%
7 One Way or Another
5%
8 You Decided That I Was Worth Saving
5%
7 Days of Future Past
4%
8 Detoured on Some Random Backwards Path To Hell
4%
5 Home finale
4%
7 I Went to the Woods
4%
8 The Next Time I Hurt Somebodyt, It Could Be You
2%
1 a few good men
1%
1 family ties
1%
8 Nostalagia's a Bitch
1%
6 Because
0%
No matching quizzes found
Score Distribution
Percent of People with Each Score
Percentile by Number Answered
Your Score History
You have not taken this quiz since the last reset